Viaje por el itsmo de Tehuantepec (Record no. 10441)

MARC details
000 -CABECERA
campo de control de longitud fija 00821nam a2200253 a 4500
001 - NÚMERO DE CONTROL
campo de control BRL_1632
005 - FECHA Y HORA DE LA ÚLTIMA TRANSACCIÓN
campo de control 20190320211311.0
008 - DATOS DE LONGITUD FIJA--INFORMACIÓN GENERAL
campo de control de longitud fija 150414s1984----mx-#######---#000-0#spa-#
020 ## - NÚMERO INTERNACIONAL ESTÁNDAR DEL LIBRO
Número Internacional Estándar del Libro 968161609X
041 ## - CÓDIGO DE LENGUA
Código de lengua del texto/banda sonora o título independiente spa
044 ## - CÓDIGO DEL PAÍS DE LA ENTIDAD EDITORA/PRODUCTORA
Código MARC del país mx
050 #4 - SIGNATURA TOPOGRÁFICA DE LA BIBLIOTECA DEL CONGRESO
Número de clasificación F1359
Número de documento/Ítem .B67 1984
100 1# - ENTRADA PRINCIPAL--NOMBRE DE PERSONA
Nombre de persona Brasseur, Charles
Fechas asociadas al nombre 1814-1874
9 (RLIN) 4550
245 10 - MENCIÓN DE TÍTULO
Título Viaje por el itsmo de Tehuantepec
Mención de responsabilidad, etc. Charles Brasseur ; traducción Luis Roberto Vera.
260 ## - PUBLICACIÓN, DISTRIBUCIÓN, ETC.
Lugar de publicación, distribución, etc. México
Nombre del editor, distribuidor, etc. FCE : SEP : CULTURA SEP
Fecha de publicación, distribución, etc. 1984
300 ## - DESCRIPCIÓN FÍSICA
Extensión 200 p.
Dimensiones 19 cm.
440 #0 - MENCIÓN DE SERIE/PUNTO DE ACCESO ADICIONAL--TÍTULO
Título Lecturas mexicanas
Designación de volumen o secuencia 18
9 (RLIN) 27492
500 ## - NOTA GENERAL
Nota general Au1871
500 ## - NOTA GENERAL
Nota general Ver también número de sistema 1391 perteneciente al Fondo Contemporáneo
650 14 - PUNTO DE ACCESO ADICIONAL DE MATERIA--TÉRMINO DE MATERIA
Término de materia o nombre geográfico como elemento de entrada Istmo de Tehuantepec (México)
Subdivisión general Descripción y viajes
9 (RLIN) 27493
700 1# - PUNTO DE ACCESO ADICIONAL--NOMBRE DE PERSONA
Nombre de persona Roberto Vera, Luis
Término indicativo de función/relación tr.
9 (RLIN) 4554
902 ## - CATALOGADOR
Iniciales GRL
942 ## - ELEMENTOS DE PUNTO DE ACCESO ADICIONAL (KOHA)
Fuente del sistema de clasificación o colocación Library of Congress Classification
Tipo de ítem Koha Libros
Holdings
Estado de retiro Estado de pérdida Estado dañado No para préstamo Localización permanente Ubicación/localización actual Fecha de adquisición Número de inventario Total de préstamos Signatura topográfica completa Código de barras Fecha visto por última vez Precio válido a partir de Tipo de ítem Koha
El ejemplar forma parte de la colección y puede ser consultado según las políticas vigentes.       Biblioteca Centro de Estudios Ruth D. Lechuga Biblioteca Centro de Estudios Ruth D. Lechuga 15/04/2014 Au1871   F1359 .B67 1984 (Au1871) GRL01797 22/03/2019 22/03/2019 Libros